| 000 | 00536nam a2200181Ia 4500 | ||
|---|---|---|---|
| 003 | OSt | ||
| 005 | 20200907102301.0 | ||
| 008 | 190216s9999||||xx |||||||||||||| ||und|| | ||
| 020 | _a9788175960251 | ||
| 040 | _coclc | ||
| 082 |
_a530.41 _bCHA/P |
||
| 100 |
_aChaikin, P M _94455 |
||
| 245 | 0 |
_aPrinciples Of Condensed Matter Physics / _cP M Chaikin ; T C Lubensky |
|
| 260 |
_bCambridge Uty Press, _c1999. _aNew Delhi: |
||
| 300 | _a699p | ||
| 650 | _aPhysics | ||
| 942 |
_cBK _2ddc _h530.41 _iCHA/P _k530.41 _mCHA/P |
||
| 999 |
_c33707 _d33707 |
||